000 01837nas a2200277Ia 4500
001 R050-S2032
003 IT-CnALBA
008 170116c99999999xx |||||||||||| ||und||
040 _aIT-CnALBA
_cIT-CnALBA
041 _aLATINO
100 _aTABERA ARTURUS, CARDINAL
210 _aCOMMENTARIUM PRO RELIGIOSIS ET MISSIONARIIS
222 _aCOMMENTARIUM PRO RELIGIOSIS ET MISSIONARIIS
245 0 _aCOMMENTARIUM PRO RELIGIOSIS ET MISSIONARIIS. GENNAIO APRILE 1943.
250 _a1a ed.
260 _a ROMA
_bVATICANA - LIBR. EDITR. POLIGL.
_c1943 [1° Ed.:1943 - Ed.Ling.Originale: 1943]
300 _a112 p.
310 _aBIMESTRALE
362 _aFascicolo: 1-2 / Anno: 24 (1943)
500 _aPER ECCLESIASTICI CHE INTENDONO COMPIERE STUDI ACCADEMICI PRESSO UNIVERSITÀ CIVILI. PROPAGANDA FIDE. EREZIONE DI NUOVE PREFETTURE O VICARIATI APOSTOLICI O DIOCESI. COMMENTO AL CANONE 560-561, LARRAONA A. CONSULTAZIONI, GOYENECHE S. ORIGINE DEL GIURAMENTO E DEL TITOLO DELLA MISSIONE. NOZIONE DELLA PENA DELL'UOMO. STATISTICHE. ASSOCIAZIONI DEDICATE AL CUORE DELLA BEATA VERGINE, PUROLRAS. CRONACA, GASA F. BIBLIOGRAFIA. RIVISTA DEI RELIGIOSI E MISSIONARI. INDICI.
501 _aSocietà San Paolo EM - Piazza San Paolo, 14 - 12051 ALBA (CN) (non commercial uses only) ® Copyright 2017
520 _aPER ECCLESIASTICI CHE INTENDONO COMPIERE STUDI ACCADEMICI PRESSO UNIVERSITÀ CIVILI. PROPAGANDA FIDE. EREZIONE DI NUOVE PREFETTURE O VICARIATI APOSTOLICI O DIOCESI. COMMENTO AL CANONE 560-561, LARRAONA A. CONSULTAZIONI, GOYENECHE S. ORIGINE DEL GIURAMENTO E DEL TITOLO DELLA MISSIONE. NOZIONE DELLA PENA DELL'UOMO. STATISTICHE. ASSOCIAZIONI DEDICATE AL CUORE DELLA BEATA VERGINE, PUROLRAS. CRONACA, GASA F. BIBLIOGRAFIA. RIVISTA DEI RELIGIOSI E MISSIONARI. INDICI.
650 _aMISSIOLOGIA
942 _cCR
957 _71
999 _a63930
_bSI
_g1
_c330630
_d330630